000 00301nam a2200145Ia 4500
100 _aMehta V.G
650 _aGeneral
942 _cBK
654 _aIncome Tax
245 _aIncome Tax Ready Reckoner ''''72-73''''
260 _bnone
_c2001
082 _a343
300 _a252
546 _aENGLISH
999 _c18041
_d18041